[Event "Mecklenburg VP LL2 West 1314"]
[Site "Mecklenburg VP"]
[Date "2014.03.16"]
[Round "7.6"]
[White "Lange, Marius"]
[Black "Goettsching, Holger"]
[Result "1/2-1/2"]
[WhiteElo "1607"]
[BlackElo "1727"]
[PlyCount "68"]
[EventDate "2013.10.27"]
[EventType "team-tourn"]
[EventRounds "9"]
[EventCountry "GER"]
[SourceTitle "EXT 2022"]
[Source "ChessBase"]
[SourceDate "2021.10.06"]
[SourceVersion "1"]
[SourceVersionDate "2021.10.06"]
[SourceQuality "1"]
[WhiteTeam "Ludwigslust Post SV II"]
[BlackTeam "Schwerin SF IV"]
[WhiteTeamCountry "GER"]
[BlackTeamCountry "GER"]

1. e4 e5 2. Nf3 Nc6 3. c3 Nf6 4. d4 d6 5. d5 Ne7 6. Bd3 g6 7. 0-0 Bg7 8. c4 0-0 9. Nc3 c6 10. Bg5 Qc7 11. h3 h6 12. Be3 Kh7 13. Rc1 Qd8 14. Qd2 Nfg8 15. Rfd1 c5 16. Qc2 f5 17. Kh1 f4 18. Bd2 g5 19. Nh2 h5 20. Be2 Nf6 21. Qd3 Bh6 22. Rg1 Rg8 23. g4 h4 24. Nf3 Bd7 25. Ne1 Ne8 26. f3 Nc7 27. Ng2 Ng6 28. Rb1 Qe7 29. a3 Rgb8 30. b4 b6 31. Rb2 Qe8 32. Rgb1 Bf8 33. bxc5 bxc5 34. Qc2 Na6 1/2-1/2

[Event "Mecklenburg VP LL2 West 1314"]
[Site "Mecklenburg VP"]
[Date "2014.02.23"]
[Round "6.6"]
[White "Podolskiy, Alexander"]
[Black "Lange, Marius"]
[Result "1/2-1/2"]
[WhiteElo "1846"]
[BlackElo "1607"]
[PlyCount "45"]
[EventDate "2013.10.27"]
[EventType "team-tourn"]
[EventRounds "9"]
[EventCountry "GER"]
[SourceTitle "EXT 2022"]
[Source "ChessBase"]
[SourceDate "2021.10.06"]
[SourceVersion "1"]
[SourceVersionDate "2021.10.06"]
[SourceQuality "1"]
[WhiteTeam "Wismar ASV Gruen-Weiss"]
[BlackTeam "Ludwigslust Post SV II"]
[WhiteTeamCountry "GER"]
[BlackTeamCountry "GER"]

1. e4 e5 2. Nf3 Nc6 3. Bc4 Bc5 4. d3 h6 5. Be3 Bb6 6. Nc3 Nf6 7. Nd5 d6 8. Nxb6 axb6 9. a3 Be6 10. Bxe6 fxe6 11. c3 0-0 12. b4 Ng4 13. 0-0 Ne7 14. Qb3 Qd7 15. Nh4 g5 16. Nf3 Ng6 17. d4 Rf7 18. Rad1 Raf8 19. Nd2 Nf4 20. d5 exd5 21. Bxf4 Rxf4 22. Qxd5+ Kh8 23. Nf3 1/2-1/2

[Event "Mecklenburg VP LL2 West 1314"]
[Site "Mecklenburg VP"]
[Date "2014.01.20"]
[Round "5.5"]
[White "Schreiber, Oliver"]
[Black "Lange, Marius"]
[Result "1-0"]
[WhiteElo "1710"]
[BlackElo "1607"]
[PlyCount "41"]
[EventDate "2013.10.27"]
[EventType "team-tourn"]
[EventRounds "9"]
[EventCountry "GER"]
[SourceTitle "EXT 2022"]
[Source "ChessBase"]
[SourceDate "2021.10.06"]
[SourceVersion "1"]
[SourceVersionDate "2021.10.06"]
[SourceQuality "1"]
[WhiteTeam "Mecklenburger Springer SC"]
[BlackTeam "Ludwigslust Post SV II"]
[WhiteTeamCountry "GER"]
[BlackTeamCountry "GER"]

1. d4 f5 2. Bg5 Nf6 3. e3 d5 4. Nf3 g6 5. Nbd2 Bg7 6. Ne5 0-0 7. h4 Nbd7 8. Ndf3 Ne4 9. Bf4 Ndf6 10. Ng5 Nh5 11. Be2 Nxf4 12. exf4 c5 13. h5 cxd4 14. Qxd4 Nxg5 15. fxg5 e6 16. f4 Bd7 17. Qe3 Bxe5 18. Qxe5 Qa5+ 19. c3 Qb6 20. hxg6 hxg6 21. Rh8+ 1-0

[Event "Mecklenburg VP LL2 West 1314"]
[Site "Mecklenburg VP"]
[Date "2013.11.24"]
[Round "3.6"]
[White "Lange, Marius"]
[Black "Fechner, Henrik"]
[Result "1/2-1/2"]
[WhiteElo "1607"]
[BlackElo "1771"]
[PlyCount "51"]
[EventDate "2013.10.27"]
[EventType "team-tourn"]
[EventRounds "9"]
[EventCountry "GER"]
[SourceTitle "EXT 2022"]
[Source "ChessBase"]
[SourceDate "2021.10.06"]
[SourceVersion "1"]
[SourceVersionDate "2021.10.06"]
[SourceQuality "1"]
[WhiteTeam "Ludwigslust Post SV II"]
[BlackTeam "Malchow Schachinsel"]
[WhiteTeamCountry "GER"]
[BlackTeamCountry "GER"]

1. e4 c6 2. d4 d5 3. exd5 cxd5 4. Nf3 Nf6 5. Bd3 e6 6. c3 Be7 7. Bf4 0-0 8. 0-0 Nbd7 9. Nbd2 a6 10. Qc2 b5 11. Ne5 Bb7 12. Rac1 Nb6 13. Bg5 h6 14. Bxf6 Bxf6 15. Ndf3 Nc4 16. b3 Nxe5 17. Nxe5 Bxe5 18. dxe5 Rc8 19. Qd2 Qa5 20. Rc2 Rc6 21. Rfc1 Rfc8 22. Qe1 Qc7 23. h3 Qb6 24. Qd2 Rd8 25. Re1 Rdc8 26. Rec1 1/2-1/2

[Event "Mecklenburg VP LL2 West 1314"]
[Site "Mecklenburg VP"]
[Date "2013.10.27"]
[Round "1.6"]
[White "Tuchtenhagen, Harald"]
[Black "Lange, Marius"]
[Result "1/2-1/2"]
[WhiteElo "1838"]
[BlackElo "1607"]
[PlyCount "42"]
[EventDate "2013.10.27"]
[EventType "team-tourn"]
[EventRounds "9"]
[EventCountry "GER"]
[SourceTitle "EXT 2022"]
[Source "ChessBase"]
[SourceDate "2021.10.06"]
[SourceVersion "1"]
[SourceVersionDate "2021.10.06"]
[SourceQuality "1"]
[WhiteTeam "Ludwigslust Post SV"]
[BlackTeam "Ludwigslust Post SV II"]
[WhiteTeamCountry "GER"]
[BlackTeamCountry "GER"]

1. e4 e5 2. d4 exd4 3. Bc4 Nc6 4. Nf3 d6 5. 0-0 Be7 6. Nxd4 Nxd4 7. Qxd4 Nf6 8. Nc3 0-0 9. h3 b6 10. Be3 Bb7 11. Rad1 Nd7 12. Nd5 Bf6 13. Nxf6+ Qxf6 14. f3 Ne5 15. Be2 Rad8 16. Qd2 Qe6 17. Qc3 c5 18. f4 Nc6 19. Bf3 Rfe8 20. a3 Na5 21. f5 Qe5 1/2-1/2